000 00298 a2200121 4500
001 147101
040 _cEscola São Tomás de Aquino
100 _aMACHADO, Ana Maria
240 1 0 _aO pavão do abre e fecha
_lpor
245 1 0 _aO pavão do abre e fecha
697 _a*LITERATURA INFANTO
942 _cBK
999 _c147101
_d147101